| 000 | 01388cad a22002655a 4500 | ||
|---|---|---|---|
| 001 | L160077 | ||
| 008 | 120529s2011 xxk g 000 0 eng d | ||
| 035 | _a(Sirsi) u160077 | ||
| 041 | 0 | _aeng | |
| 110 | _aFederation International Des Geometres | ||
| 111 | 2 |
_aFIG Working Week 2011 _bMarrakech, Morocco _c18-22 May 2011 |
|
| 245 | 0 | 0 |
_aModelling Indicators of Land Governance _h[electronic resource] |
| 260 |
_aMorocco _bFIG _c2011 |
||
| 520 | _aIt is trying to answer the question as to what determines land governance and what factors are associated with whether governance in land matters is weak or good. It examines inter-country relationships using data on corruption in land administration, the speed, cost and number of processes required to register property and to deal with construction permits, the security of property rights, and the efficiency and transparency of the commercial property market. | ||
| 650 | 2 | 4 | _aGOVERNANCE |
| 650 | 2 | 4 | _aCORRUPTION |
| 650 | 2 | 4 | _aMARKET TRANSPARENCY |
| 651 | 4 | _aUnited Kingdom | |
| 690 | _aLAND | ||
| 700 | 1 | _aGrover, Richard | |
| 700 | 1 | _aGrover, Christine | |
| 856 | 4 | 0 |
_uhttps://www.rics.org/Global/Downloads/RICS_FIG_Grover_R_and_C_Modelling_Land_Governance_pdf.pdf _zView the presentation free of charge at www.rics.org |
| 856 | 4 | 0 |
_uhttps://www.fig.net/fig2011/ _zView the item free of charge at www.fig.net |
| 942 | _n0 | ||
| 999 |
_c116194 _d116194 |
||